| 000 | 00497nam a2200181Ia 4500 | ||
|---|---|---|---|
| 008 | 230718s9999 xx 000 0 und d | ||
| 020 | _a9789380358963 | ||
| 041 | _aeng | ||
| 082 |
_a604.2 _bBHA |
||
| 100 | _aBhatt N.D. | ||
| 245 |
_aEngineering Drawing _bPlane And Solid Geometry |
||
| 250 | _a53rd ed. | ||
| 260 |
_c2014 _bCharotar Publishing House |
||
| 300 | _a719 | ||
| 365 |
_cRs. _b315.00 |
||
| 700 | _aBhatt N.D. | ||
| 906 |
_dO:0375603-Mar-2017B:SE/SI/384802-Mar-2017 _cBSHB _b255.15 |
||
| 999 |
_c344438 _d344438 |
||